Aristóteles (Record no. 83814)

MARC details
000 -LEADER
campo de control de longitud fija 00610nam a2200181 i 4500
001 - NÚMERO DE CONTROL
campo de control 83814
003 - IDENTIFICADOR DE NÚMERO DE CONTROL
campo de control ES-MaACL
005 - FECHA Y HORA DE LA ÚLTIMA TRANSACCIÓN
campo de control 20230906174910.0
007 - CAMPO FIJO DE DESCRIPCIÓN FÍSICA--INFORMACIÓN GENERAL
campo de control de longitud fija t|
008 - DATOS DE LONGITUD FIJA--INFORMACIÓN GENERAL
campo de control de longitud fija 041118s1946 mx ||||1| spa d
100 1# - ENTRADA PRINCIPAL--NOMBRE DE PERSONA
Nombre de persona Jaeger, Werner.
9 (RLIN) 65896
245 10 - MENCIÓN DEL TÍTULO
Título Aristóteles
Resto del título : bases para la historia de su desarrollo intelectual /
Mención de responsabilidad, etc. Werner Jaeger ; versión española de José Gaos.
250 ## - MENCION DE EDICION
Mención de edición [1ª ed.].
260 ## - PUBLICACIÓN, DISTRIBUCIÓN, ETC.
Lugar de publicación, distribución, etc. México :
Nombre del editor, distribuidor, etc. Fondo de Cultura Económica de México,
Fecha de publicación, distribución, etc. [1946] (
Fabricante Gráf. Panamericana)
300 ## - DESCRIPCIÓN FÍSICA
Extensión 556 p. ;
Dimensiones 22 cm.
700 1# - ENTRADA AGREGADA--NOMBRE PERSONAL
Nombre de persona Gaos, José.
9 (RLIN) 53902
852 ## - LOCALIZACIÓN
Ubicación ES-MaACL
Número de control de estantería B-1585
Sublocalización o colección R.28735
Holdings
Estatus retirado Estado de pérdida Estado de daño No para préstamo Biblioteca de origen Biblioteca actual Ubicación en estantería Fecha de adquisición Fuente de adquisición Total de préstamos Signatura topográfica completa Código de barras Visto por última vez Precio de reemplazo Tipo de ítem Koha
        Biblioteca del Ateneo de Madrid Biblioteca del Ateneo de Madrid Sala Pardo Bazán 17/01/2008     B-1585 1087594 23/02/2023 23/02/2023 Libro impreso